LEADER 00937nam a2200217 i 4500 001 000000058978 003 CaOOAMICUS 005 20121128000000.0 008 121128s1939 xx u000 u lat u 013 $a30150 040 $aSeMil$bita 100 1 $aCaroli, Giovanni.$0(OLS)http://semarc/name/30080 245 13$aDe munere Vicarii Generalis, seu De natura et ambitu eiusdem officii et jurisdictionis /$cSac. Dr. Joannes Caroli. 260 $aTorino :$bLICE-Berruti & C.,$c1939. 300 $a186 p. ;$c23 cm. 500 $aContiene : Bibliographia. 650 4$aVicari generali.$0(OLS)http://semarc/subject/4505 850 $aSeMil 852 $aSeMil$W1$xVenegono$y1$m2J III 98$j25131$B25131$CSeMilBibl$Z2$F25134 $81 996 $6245$aDe munere Vicarii Generalis, seu De natura et ambitu eiusdem officii et jurisdictionis$9(OLS)http://semarc/title/92051 996 $6260$aTorino :$bLICE-Berruti & C.$9(OLS)http://semarc/publisher/32683 LEADER 01786nam a2200337 i 4500 001 000000125125 003 CaOOAMICUS 005 20190125174216.0 008 051115s1994 it u000 u ita u 013 $a97823 020 $a88-204-8841-8 040 $aSeMil$bita 245 10$aSan Patrignano tra comunità e società :$bricerca sui percorsi di vita di 711 ex-ospiti di san Patrignano /$cPaolo Guidicini e Giovanni Pieretti. 260 $aMilano :$bFranco Angeli,$ccopyr. 1994. 300 $a750 p. ;$c22 cm. 490 0 $aCollana di sociologia urbana e rurale 490 0 $aCollana di sociologia urbana e rurale. Sezione 3., Povertà, sviluppo, intervento sociale ;$v27 500 $aIn appendice : Elaborazione qualitativa dei temi aperti : Le proposizioni significative di base. - Fondo Card. C.M. Martini. 650 4$aTossicomani - Assistenza - San Patrignano .$0(OLS)http://semarc/subject/24308 700 1 $aPieretti, Giovanni.$0(OLS)http://semarc/name/50009 700 1 $aGuidicini, Paolo.$0(OLS)http://semarc/name/4069 830 0$aCollana di sociologia urbana e rurale.$0(OLS)http://semarc/title/10589 830 0$aCollana di sociologia urbana e rurale. Sezione 3., Povertà, sviluppo, intervento sociale ;$v27.$0(OLS)http://semarc/title/15912 850 $aSeMil 852 $aSeMil$W1$xVenegono$y1$m3N II 519$j79622$B79622$CSeMilBibl$Z2$F106151 $81 941 1 $a4 961 $aOmaggio: Martini Card. Carlo Maria 996 $6020$a88-204-8841-8$9(OLS)http://semarc/number/111030 996 $6245$aSan Patrignano tra comunità e società :$bricerca sui percorsi di vita di 711 ex-ospiti di san Patrignano$9(OLS)http://semarc/title/184271 996 $6260$aMilano :$bFranco Angeli$9(OLS)http://semarc/publisher/30369